000
00452nam a22001337a 4500
003
SGT
020
_a
9788193470138
082
_a
954
_b
A18S
100
_a
सूर्यप्रकाश, ए.
245
_a
आपातकाल : भारतीय लोकतंत्र का एक काला अध्याय
260
_b
मेघनिर्घोष मीडिया प्रा. लि.
_c
2018
300
_a
216
942
_2
ddc
_c
BK
999
_c
29305
_d
29305